Statystyki dla 10 najpopularniejszych drzew w Polsce

Kliknij tutaj aby rozwiązać quiz!

Ogólne statystyki

  • Ten quiz został rozwiązany 65 razy
  • Średni wynik to 8 z 10

Statystyki odpowiedzi

RodzajOdpowiedź% Poprawnych
liściastedąb
98%
iglastesosna
98%
iglastejodła
89%
iglasteświerk
89%
liściastebrzoza
87%
liściastebuk
74%
liściasteklon
74%
iglastemodrzew
74%
liściastegrab
52%
iglastecis
50%

Rozkład punktacji

Percentyl według liczby udzielonych odpowiedzi

Procent ludzi z każdym wynikiem

Twoja historia wyników

Nie rozwiązałeś tego quizu